5ème déclinaison - Latin - Statistiques

Statistiques générales
  • Ce quiz a été pris 86 fois
  • Le résultat moyen est 11 sur 12
Statistiques - réponses
Hint Réponse % Correct
R- es
98%
R- es
98%
R- e
96%
R- ei
93%
R- em
91%
R- es
91%
R- es
91%
R- ei
89%
R- es
89%
R- ebus
80%
R- ebus
80%
R- erum
73%
Aucun quiz correspondant
Distribution des résultats
% des personnes avec chaque résultat
Percentile par nombre de réponses
Votre historique - résultats
Vous n’avez pas pris ce quiz